Final Cut Pro 5 (Record no. 2192)

000 -LEADER
fixed length control field 00272nam a2200121Ia 4500
008 - FIXED-LENGTH DATA ELEMENTS--GENERAL INFORMATION
fixed length control field 180730s9999||||xx |||||||||||||| ||und||
082 ## - DEWEY DECIMAL CLASSIFICATION NUMBER
Classification number 372.5
Item number APP/F
100 ## - MAIN ENTRY--PERSONAL NAME
Personal name Apple
245 #0 - TITLE STATEMENT
Title Final Cut Pro 5
260 ## - PUBLICATION, DISTRIBUTION, ETC.
Place of publication, distribution, etc. US
Name of publisher, distributor, etc. Apple Comp. Inc.
Date of publication, distribution, etc. 2005
300 ## - PHYSICAL DESCRIPTION
Extent 452p
942 ## - ADDED ENTRY ELEMENTS (KOHA)
Institution code [OBSOLETE] BK
Holdings
Withdrawn status Lost status Damaged status Not for loan Collection code Permanent Location Current Location Date acquired Cost, normal purchase price Serial Enumeration / chronology Full call number Barcode Date last seen Price effective from Koha item type
        School of Animation (Noida) MUIT-NOIDA MUIT-NOIDA 2018-07-30 1200.00 2 372.5 APP/F ANM00241 2018-07-30 2018-07-30 Donated Books

All Rights Reserved@MUIT

Powered by Koha